Central Library OPAC University of Rajshahi

বাংলা মঙ্গলকাব্যে শ্রমজীবী মানুষ / (Record no. 63538)

MARC details
000 -LEADER
fixed length control field 01195nam a2200265 a 4500
001 - CONTROL NUMBER
control field 63538
003 - CONTROL NUMBER IDENTIFIER
rucl marc code BD-RjUL
005 - DATE AND TIME OF LATEST TRANSACTION
control field 20211209081216.0
008 - FIXED-LENGTH DATA ELEMENTS--GENERAL INFORMATION
fixed length control field 170131s1999 bg ||||| |||| 00| p ben d
020 ## - INTERNATIONAL STANDARD BOOK NUMBER
International Standard Book Number 9840738496
Terms of availability : Tk. 60.00
035 ## - SYSTEM CONTROL NUMBER
System control number (BD-RjUL)63667
040 ## - CATALOGING SOURCE
Original cataloging agency BD-RjUL
Language of cataloging ben
Transcribing agency BD-RjUL
041 ## - LANGUAGE CODE
Language code of text/sound track or separate title ben
082 ## - DEWEY DECIMAL CLASSIFICATION NUMBER
Edition number 23
Classification number 891.441095414
Author mark and year CHB 1999
100 ## - MAIN ENTRY--PERSONAL NAME
Personal name চক্রবর্তী, গোপিকারঞ্জন
9 (RLIN) 179870
245 10 - TITLE STATEMENT
Title বাংলা মঙ্গলকাব্যে শ্রমজীবী মানুষ /
Statement of responsibility, etc. গোপিকারঞ্জন চক্রবর্তী
260 ## - PUBLICATION, DISTRIBUTION, ETC. (IMPRINT)
Place of publication, distribution, etc. ঢাকা :
Name of publisher, distributor, etc. বাংলা একাডেমী,
Date of publication, distribution, etc. ১৯৯৯
300 ## - PHYSICAL DESCRIPTION
Pagination [৮], ১২৮ পৃ. ;
Size ২৩ সেমি.
490 ## - SERIES STATEMENT
Series statement বাএ ;
Volume/sequential designation ৩৮৪০
504 ## - BIBLIOGRAPHY, ETC. NOTE
Bibliography, etc গ্রন্থপঞ্জি ও নির্ঘণ্ট সংযুক্ত
650 ## - SUBJECT ADDED ENTRY--TOPICAL TERM
Topical term or geographic name as entry element বাংলা কবিতা
Geographic subdivision ভারত
-- বেঙ্গল
General subdivision ইতিহাস ও সমালোচনা
9 (RLIN) 188880
Topical term or geographic name as entry element Bengali Poetry
Geographic subdivision India
-- Bengal
General subdivision History and criticism.
9 (RLIN) 188881
830 ## - SERIES ADDED ENTRY--UNIFORM TITLE
Uniform title বাএ ;
Volume number/sequential designation ৩৮৪০
942 ## - ADDED ENTRY ELEMENTS (KOHA)
Source of classification or shelving scheme Dewey Decimal Classification
Koha item type Books
Holdings
Lost status Source of classification or shelving scheme Damaged status Not for loan Collection code Permanent Location Current Location Shelving location Date acquired Source of acquisition Cost, normal purchase price Total Checkouts Full call number Date last seen Copy number Koha item type
  Dewey Decimal Classification   Not For Loan Non-fiction Central Library, University of Rajshahi Central Library, University of Rajshahi Reading Room 09/06/2011 Bangla Academy, Dhaka 60.00   B 891.441095414 CHB 1999 31/01/2017 C-1 Books